000 00521nam a22001937a 4500
005 20231013113741.0
008 230223b |||||||| |||| 00| 0 eng d
020 _a0631188657
040 _aMCHVL
041 _aEnglish
082 _a100
_bMOR
100 _aMorton, Adam
245 _aPhilosophy in practice :
_ban introduction to the main questions /
_cAdam Morton
260 _aUK :
_bBlackwell,
_c1996.
300 _axvi, 488p. ;
_c24cm.
500 _aIncludes index.
650 _aPhilosophy
942 _cBK
999 _c4548
_d4548